000 01486cam a22003617a 4500
003 CHAP
005 20220329142244.0
008 000330d1998 mx r 00010 spa d
010 _a80624
011 _a81596
020 _a970132126X
035 _a92069
040 _cCHAP
082 0 4 _a339.42
_bM49 1996 Gto.
110 2 _aInstituto Nacional de Estadística, Geografía e Informática. México
_959304
245 1 0 _aEncuesta del estado de Guanajuato de ingresos y gastos de los hogares :
_bdistribución del ingreso y el gasto corriente total trimestral de los hogares 1996
_c/por Instituto Nacional de Estadística, Geografía e Informática
260 _aAguascalientes, Ags. :
_bInstituto Nacional de Estadística, Geografía e Informática,
_c1998
300 _a54 p. :
_bgráfs.
590 _aBATCH-UPD
_b10
_c20130110
_lUCH01
_h0017
590 _aBATCH-UPD
_b10
_c20130110
_lUCH01
_h2028
590 _aBATCH-UPD
_b10
_c20130410
_lUCH01
_h1345
590 _aBATCH-UPD
_b10
_c20130914
_lUCH01
_h1054
590 _aCONVERSION
_b10
_c20130109
_lUCH01
_h1345
650 1 4 _aCostos y nivel de vida
_xEstadísticas.
_928528
650 1 4 _aCostos y nivel de vida
_xGuanajuato.
_928530
650 1 4 _aGuanajuato
_xCondiciones económicas.
_950977
650 1 4 _aIngresos
_xGuanajuato.
_958394
650 1 4 _aVivienda
_xGuanajuato.
_9120129
901 _aBK
905 _aMarco A. Mendoza T.
942 _cLIBRO
949 _a339.42 M49 1996 Gto.
_bBC
_cINEGI
_d33724000773222
_eINEGI
_h96982
_i92069
_sb
999 _c80624
_d80624